000 00786nas a2200265 4500
001 BR9900706
003 BR-BrBNA
005 20231205101241.0
007 ta
008 230509b bl.|||p| |||| 00| 00por d
040 _aBR-BrBNA
_bpor
_cBiblioteca Nacional de Agricultura
041 _a(Pt)
072 _aF06
100 1 _aPeiter, M.X.
100 1 _aChaudhry, F.H.
245 1 _aPrevisao da producao de milho submetido a diferentes niveis de manejo de irrigacao via modelo de simulacao
650 _aIrrigacao
650 _aMilho
650 _aPratica Cultural
650 _aDrenagem
650 _aSimulador de Chuva
773 0 _tIrriga (Brazil)
_xISSN 1413-7895
_g(1998), v. 3(2) p. 76-95
_wBR9900706
909 _a202311
_bLúcia
_c55
_dLúcia Elande
942 _2AGRIS
_n0
_cANA
999 _c160687
_d160687